Sports Quiz

Random Sports or NFL Quiz
Score 0/32 Timer 06:00
63 Plays Today
% Correct
Tom Brady
89.5%
Drew Brees
89%
Andrew Luck
87.6%
Joe Flacco
87.6%
Russell Wilson
87.5%
Matthew Stafford
86.2%
Peyton Manning
85.2%
Troy Aikman
83.6%
Joe Montana
83.6%
Philip Rivers
83.3%
Matt Schaub
82.1%
Jake Delhomme
78.1%
Matt Cassel
76.7%
Blake Bortles
75.1%
Rex Grossman
74.6%
Vinny Testaverde
69.7%
% Correct
Kordell Stewart
69.3%
Brian Hoyer
62.2%
Matt Flynn
57.1%
Frank Reich
53%
Jim Everett
48.4%
Jeff Blake
47%
Jeff Garcia
41.7%
Neil Lomax
41.4%
Steve Bartkowski
40.2%
Brad Johnson
38.9%
Earl Morrall
38.6%
Jay Schroeder
36.6%
Fran Tarkenton
36.2%
Dan Pastorini
36%
Jim McMahon
28.8%
Tommy Kramer
17.9%
Remove Ads.
Support Sporcle.
Get the best of Sporcle when you Go Orange. This ad-free experience offers more features, more stats, and more fun while also helping to support Sporcle. Thank you for becoming a member.

You're not logged in!

Compare scores with friends on all Sporcle quizzes.
OR
Log In

Show Comments

Extras

Top Quizzes Today


Score Distribution

Your Account Isn't Verified!

In order to create a playlist on Sporcle, you need to verify the email address you used during registration. Go to your Sporcle Settings to finish the process.

Report this User

Report this user for behavior that violates our Community Guidelines.

Details: